01401nam a22002537a 45000010005000000030006000050050017000110080041000280200018000690400029000870500012001160820011001281000019001392450146001582500045003042600038003493000044003875050008004315200585004395210029010245210020010536500041010737000033011144822FISKH20241016153427.0241016b cb ||||| |||| 00| 0 eng d a9781526361530 aFISKHbengcFISKHdFISKH aGE195.5 a333.72 aThomas, Isable aThis Book is Not Rubbish: b50 Ways to Ditch Plastic, Reduce Rubbish and Save the World! / cby Isabel Thomas : illustrated by Alex Paterson  aFirst published in Great Britain in 2018 aLondon : bWren & Rook ; c2018 . a207 pages : billustrations ;c20 cm .  aS  aOur planet is in peril and needs your help! If you want to learn to reduce waste and save the Earth, here are practical tips and projects that make a difference! The bad news is, humans throw away too much trash. But the good news is, there are lots of easy ways you can get involved and make a difference! From ditching straws and banning glitter to hosting a plastic-free birthday party, helping to save the planet is not as difficult as you think. So, take control of your future! Become an eco-warrior instead of an eco-worrier and do your part to save the world from GARBAGE!8 a800 bLexile estimate 8 aS bRaz-Plus  anature and conservationvnon-fiction aPaterson, Alexeillustrator